| 000 | 00630nam a22001697a 4500 | ||
|---|---|---|---|
| 003 | UA-OsUOA | ||
| 001 | 9971 | ||
| 007 | ta | ||
| 008 | 20041214b un ||||| |||| 00| 0 ukr d | ||
| 942 | _cSA | ||
| 040 |
_aUA-OsUOA _cUA-OsUOA _dUA-OsUOA |
||
| 245 | _aПро дострокове припинення повноважень членів Центральної виборчої комісії : Постанова Верховної Ради України , 8 груд. 2004 року N 2224-IV | ||
| 300 | _aС.6 | ||
| 955 | _a0 | ||
| 773 | 0 |
_w0 _tУрядовий кур'єр _dКиїв _d2004 _gN236/ 10 груд./ |
|
| 650 | 7 | _2UDC | |
| 999 |
_c296132 _d296132 |
||